000 00464nam a2200181Ia 4500
003 OSt
005 20220412065301.0
008 211109s9999||||xx |||||||||||||| ||und||
040 _cSBCL
082 _a150
_bBAL-A
100 _aBalakrishnan, Kalavakotam
245 0 _aAlowsarangaley Akaley
260 _bSahitya Pravarthaka Co.Op.Society
_aKottayam
_c2000
300 _a101p
630 _xGENERAL STACK
650 _aPSYCHOLOGY
_vDAILY PSYCHOLOGY
942 _cBOOK
999 _c58833
_d58833